Lan trì kiến Văn Lục

保存先:
書誌詳細
第一著者: Vũ Trinh
フォーマット: 図書
出版事項: Huế Thuận hóa 2004
主題:
タグ: タグ追加
タグなし, このレコードへの初めてのタグを付けませんか!
Thư viện lưu trữ: Trung tâm Học liệu Lê Vũ Hùng, Trường Đại học Đồng Tháp
LEADER 00639pam a22002058a 4500
001 00020838
005 20190105100137.0
008 110520s2004 ||||||Viesd
041 0 # |a Vie 
082 1 4 |a 895.922 32  |b L105TR 
100 0 # |a Vũ Trinh 
245 0 0 |a Lan trì kiến Văn Lục  |c Vũ Trinh, Hoàng Văn Lâu dịch 
260 # # |a Huế  |b Thuận hóa  |c 2004 
300 # # |a 254 tr.  |c 19 cm. 
653 # # |a Truyện 
653 # # |a Văn học 
852 # # |b Kho đọc  |j KD.0006399 
852 # # |j KD.0006399 
910 0 # |a Đức  |d 20/05/2011 
980 # # |a Trung tâm Học liệu Lê Vũ Hùng, Trường Đại học Đồng Tháp